000 00776nam a2200253Ia 4500
001 Z_1938
003 CHAP
008 220113s1996 xx 000 0 und d
010 _a163548
040 _cCHAP
090 _aTesis J 1158
100 _aJiménez Gómez, Reyes Genoveva
_9137713
245 _aDeterminación in situ del potencial forrajero del Teocintle Perenne Zea diploperennis Iltis, Doebley, Guzman & Pazy /
_cpor Reyes Genoveva Jiménez Gómez
260 _aMontecillo, Méx :
_bEl autor,
_c1996
300 _a82 h.
502 _aTesis (Maestro en Ciencias Especialista en Botánica) -- Colegio de Postgraduados
650 _aForrajes
_942552
901 _aTESIS J 1158
902 _aM
910 _a1996
942 _c2
942 _c2
999 _c163548
_d163548